La reforma del proceso de amparo: la experiencia comparada

Detalles Bibliográficos
Autor principal: Přez Tremp, Pablo
Otros Autores: Abad Yupanqui, Samuel B.
Formato: eBook
Lenguaje:español
Publicado: Lima : Editorial Palestra, 2009
Materias:
Acceso en línea:Acceso restringido

MARC

LEADER 00000nam a22000007a 4500
005 20120621173342.0
007 cr|||| ||||
008 120621s2009 pe |||||s|||| 00||0 spa d
020 |a 978-9972-224-95-9 
035 |a 6408 
040 |a vLex 
090 |c 3227  |d 3227 
100 1 |a Přez Tremp, Pablo 
245 1 3 |a La reforma del proceso de amparo: la experiencia comparada  |h [Recurso electrn̤ico] /  |c Pablo Přez Tremps, Samuel B. Abad Yupanqui  
256 |a Servicio en ln̕ea 
260 |a Lima :  |b Editorial Palestra,  |c 2009 
300 |a 1 recurso electrn̤ico 
506 1 |a Contenido solo disponible en los productos indicados  |d vLex Global   |d vLex Global (Academic Edition, excluding Law Schools)   |d vLex Global (U.S. Academic Edition, Law Schools)   |d vLex Global (U.S. Academic Edition, excluding Law Schools)   |d vLex Global (Academic Edition, Law Schools)  
650 0 4 |a Recurso de amparo  |z Per︢ 
700 1 |a  Abad Yupanqui, Samuel B. 
740 0 |a vLex Libros (Servicio en ln̕ea) 
856 4 0 |u http://vlex.com/source/reforma-proceso-amparo-experiencia-comparada-6408  |z Acceso restringido 
942 |c BOOK 
999 0 |a Amparo (Writ)